000 00300nam a22001337a 4500
008 170221b xxu||||| |||| 00| 0 eng d
020 _a0834203936
041 _aeng
080 _a615
100 _a5
101 _aSHF
245 _aTHE PHYSICIAN;S GUIDE TO MANAGED CARE
_cNASH, D.B
942 _2udc
_cBK
999 _c5961
_d5961